[Event "DVM U14 2018"]
[Site "Magdeburg GER"]
[Date "2018.12.29"]
[Round "5"]
[White "Kluge, Malte"]
[Black "Beer, Ludwig"]
[Result "1/2-1/2"]
[Termination "normal"]
[Board "2.3"]
[WhiteElo "1584"]
[BlackElo "1549"]
[WhiteClock "00:12:59"]
[BlackClock "00:02:33"]
[WhiteTeam "SF 59 Kornwestheim"]
[BlackTeam "SV Empor Berlin"]
[PlyCount "158"]
[WhiteFideId "16243838"]
[BlackFideId "16202813"]
[EventCountry "GER"]
[EventRounds "7"]
[EventType "team-swiss"]
[EventDate "2018.12.26"]

1. d4 {[%clk 1:30:56]} d5 {[%clk 1:30:52]} 2. c4 {[%clk 1:31:10]} e6 {[%clk
1:31:12]} 3. Nc3 {[%clk 1:31:05]} c5 {[%clk 1:31:36]} 4. dxc5 {[%clk 1:27:26]}
d4 {[%clk 1:31:29]} 5. Nb5 {[%clk 1:20:02]} Nc6 {[%clk 1:20:19]} 6. e3 {[%clk
1:16:34]} Bxc5 {[%clk 1:14:20]} 7. Nf3 {[%clk 1:11:44]} e5 {[%clk 1:10:05]} 8.
Be2 {[%clk 1:09:18]} a6 {[%clk 1:04:42]} 9. Na3 {[%clk 1:07:21]} Bf5 {[%clk
1:04:59]} 10. Nd2 {[%clk 1:01:44]} dxe3 {[%clk 0:50:00]} 11. fxe3 {[%clk
1:01:40]} Bxe3 {[%clk 0:50:24]} 12. Nf3 {[%clk 0:48:03]} Qxd1+ {[%clk 0:33:14]}
13. Bxd1 {[%clk 0:46:12]} Bc5 {[%clk 0:31:43]} 14. Nc2 {[%clk 0:41:46]} Bd3
{[%clk 0:22:48]} 15. Be3 {[%clk 0:35:29]} Bxe3 {[%clk 0:18:16]} 16. Nxe3 {[%clk
0:34:48]} Nge7 {[%clk 0:18:20]} 17. Be2 {[%clk 0:30:24]} Bxe2 {[%clk 0:16:01]}
18. Kxe2 {[%clk 0:30:46]} Nd4+ {[%clk 0:16:26]} 19. Nxd4 {[%clk 0:29:47]} exd4
{[%clk 0:16:49]} 20. Nc2 {[%clk 0:29:10]} O-O-O {[%clk 0:16:18]} 21. Rad1
{[%clk 0:27:49]} Nc6 {[%clk 0:16:19]} 22. Rd3 {[%clk 0:25:41]} Rhe8+ {[%clk
0:14:45]} 23. Kd2 {[%clk 0:25:17]} Re4 {[%clk 0:13:07]} 24. Rd1 {[%clk
0:24:30]} Ne5 {[%clk 0:12:22]} 25. Rh3 {[%clk 0:21:35]} Nxc4+ {[%clk 0:09:07]}
26. Kc1 {[%clk 0:21:37]} h6 {[%clk 0:06:42]} 27. Rhd3 {[%clk 0:20:05]} g6
{[%clk 0:04:52]} 28. Rxd4 {[%clk 0:18:50]} Rexd4 {[%clk 0:05:16]} 29. Rxd4
{[%clk 0:19:13]} Rxd4 {[%clk 0:05:42]} 30. Nxd4 {[%clk 0:19:35]} Ne3 {[%clk
0:06:09]} 31. g3 {[%clk 0:19:15]} Nf1 {[%clk 0:06:35]} 32. Nf3 {[%clk 0:19:03]}
Kd7 {[%clk 0:06:05]} 33. Kd1 {[%clk 0:18:33]} Ne3+ {[%clk 0:06:25]} 34. Ke2
{[%clk 0:18:54]} Ng4 {[%clk 0:06:42]} 35. h3 {[%clk 0:17:36]} Nf6 {[%clk
0:07:04]} 36. Ne5+ {[%clk 0:16:42]} Ke6 {[%clk 0:07:22]} 37. Nd3 {[%clk
0:16:48]} Nd7 {[%clk 0:06:15]} 38. Ke3 {[%clk 0:15:56]} f6 {[%clk 0:03:25]} 39.
Nf4+ {[%clk 0:14:52]} Kf7 {[%clk 0:02:38]} 40. b3 {[%clk 0:09:45]} Ne5 {[%clk
0:01:18]} 41. Ne2 {[%clk 0:07:13]} f5 {[%clk 0:26:56]} 42. Nc3 {[%clk 0:36:12]}
Nc6 {[%clk 0:23:24]} 43. a3 {[%clk 0:34:01]} Na5 {[%clk 0:21:20]} 44. b4 {[%clk
0:27:18]} Nc4+ {[%clk 0:20:39]} 45. Kd4 {[%clk 0:26:55]} Nxa3 {[%clk 0:21:03]}
46. Kd3 {[%clk 0:27:22]} Ke6 {[%clk 0:16:46]} 47. Na4 {[%clk 0:25:01]} Kd6
{[%clk 0:14:13]} 48. Nc5 {[%clk 0:23:21]} Kc6 {[%clk 0:13:03]} 49. Ne6 {[%clk
0:22:42]} Nb5 {[%clk 0:08:59]} 50. Nf4 {[%clk 0:20:57]} g5 {[%clk 0:08:16]} 51.
Ng6 {[%clk 0:20:32]} Kd6 {[%clk 0:07:48]} 52. h4 {[%clk 0:19:41]} Ke6 {[%clk
0:06:04]} 53. h5 {[%clk 0:19:19]} Nd6 {[%clk 0:06:07]} 54. Nf8+ {[%clk
0:18:50]} Kf7 {[%clk 0:06:18]} 55. Nd7 {[%clk 0:18:24]} Ne4 {[%clk 0:06:10]}
56. g4 {[%clk 0:16:46]} Nf2+ {[%clk 0:06:30]} 57. Ke2 {[%clk 0:17:07]} Nxg4
{[%clk 0:06:53]} 58. Nc5 {[%clk 0:17:32]} Nf6 {[%clk 0:06:36]} 59. Nxb7 {[%clk
0:17:55]} Nd5 {[%clk 0:06:43]} 60. Nd8+ {[%clk 0:15:32]} Kf6 {[%clk 0:06:39]}
61. Nc6 {[%clk 0:15:30]} Nf4+ {[%clk 0:07:03]} 62. Kf2 {[%clk 0:15:49]} Nxh5
{[%clk 0:07:27]} 63. Nb8 {[%clk 0:16:13]} Nf4 {[%clk 0:07:16]} 64. Nxa6 {[%clk
0:16:35]} Nd5 {[%clk 0:07:37]} 65. b5 {[%clk 0:16:34]} Nb6 {[%clk 0:08:01]} 66.
Nb4 {[%clk 0:16:52]} g4 {[%clk 0:08:00]} 67. Nd3 {[%clk 0:17:11]} Kg5 {[%clk
0:08:14]} 68. Ne1 {[%clk 0:16:05]} h5 {[%clk 0:08:29]} 69. Kg2 {[%clk 0:16:00]}
f4 {[%clk 0:06:07]} 70. Kf2 {[%clk 0:15:44]} h4 {[%clk 0:06:12]} 71. Kg2 {[%clk
0:14:54]} h3+ {[%clk 0:04:00]} 72. Kh2 {[%clk 0:14:14]} Kh4 {[%clk 0:04:05]}
73. Kh1 {[%clk 0:13:38]} g3 {[%clk 0:04:02]} 74. Kg1 {[%clk 0:12:25]} Kg4
{[%clk 0:04:13]} 75. Nd3 {[%clk 0:12:26]} h2+ {[%clk 0:02:55]} 76. Kh1 {[%clk
0:12:23]} f3 {[%clk 0:02:04]} 77. Ne5+ {[%clk 0:12:34]} Kf4 {[%clk 0:02:33]}
78. Nxf3 {[%clk 0:12:49]} g2+ {[%clk 0:02:33]} 79. Kxg2 {[%clk 0:12:59]} Ke5
1/2-1/2

[Event "DVM U14 2018"]
[Site "Magdeburg GER"]
[Date "2018.12.29"]
[Round "5"]
[White "Fricke, Janek Konrad"]
[Black "Afonso, Phil"]
[Result "1-0"]
[Termination "normal"]
[Board "2.4"]
[WhiteElo "1503"]
[BlackElo "1595"]
[WhiteClock "00:05:05"]
[BlackClock "00:27:12"]
[WhiteTeam "SV Empor Berlin"]
[BlackTeam "SF 59 Kornwestheim"]
[PlyCount "89"]
[WhiteFideId "12997471"]
[BlackFideId "16207475"]
[EventCountry "GER"]
[EventRounds "7"]
[EventType "team-swiss"]
[EventDate "2018.12.26"]

1. e4 {[%clk 1:30:57]} e5 {[%clk 1:30:51]} 2. Nf3 {[%clk 1:31:21]} Nc6 {[%clk
1:31:16]} 3. Bc4 {[%clk 1:31:33]} Bc5 {[%clk 1:31:39]} 4. d3 {[%clk 1:31:51]}
Nf6 {[%clk 1:31:46]} 5. c3 {[%clk 1:31:52]} a6 {[%clk 1:31:49]} 6. Bb3 {[%clk
1:32:01]} O-O {[%clk 1:31:48]} 7. h3 {[%clk 1:30:52]} h6 {[%clk 1:31:31]} 8.
Nbd2 {[%clk 1:31:03]} Ne7 {[%clk 1:30:43]} 9. Nxe5 {[%clk 1:28:58]} d6 {[%clk
1:30:33]} 10. Nef3 {[%clk 1:26:09]} Ng6 {[%clk 1:30:29]} 11. Nf1 {[%clk
1:24:11]} Re8 {[%clk 1:28:18]} 12. Ng3 {[%clk 1:13:15]} d5 {[%clk 1:26:40]} 13.
Qe2 {[%clk 1:08:00]} Qd6 {[%clk 1:20:17]} 14. d4 {[%clk 0:52:50]} Ba7 {[%clk
1:06:20]} 15. e5 {[%clk 0:50:45]} Qd8 {[%clk 1:05:28]} 16. O-O {[%clk 0:49:03]}
Nh7 {[%clk 1:02:24]} 17. Qd3 {[%clk 0:43:56]} Be6 {[%clk 1:00:10]} 18. Re1
{[%clk 0:39:25]} Qc8 {[%clk 0:58:51]} 19. Be3 {[%clk 0:34:35]} c6 {[%clk
0:55:50]} 20. Bc2 {[%clk 0:29:38]} Bb6 {[%clk 0:53:42]} 21. Qd2 {[%clk
0:27:10]} Nhf8 {[%clk 0:48:44]} 22. Nh5 {[%clk 0:22:03]} Bxh3 {[%clk 0:46:18]}
23. gxh3 {[%clk 0:18:01]} Qxh3 {[%clk 0:46:21]} 24. Ng3 {[%clk 0:18:00]} Nh4
{[%clk 0:44:43]} 25. Nxh4 {[%clk 0:17:47]} Qxh4 {[%clk 0:45:06]} 26. Qe2 {[%clk
0:17:04]} g6 {[%clk 0:44:10]} 27. Qf3 {[%clk 0:15:50]} Re6 {[%clk 0:42:31]} 28.
Qh1 {[%clk 0:14:57]} Qxh1+ {[%clk 0:42:34]} 29. Kxh1 {[%clk 0:15:17]} h5 {[%clk
0:42:47]} 30. Rg1 {[%clk 0:14:45]} Kh8 {[%clk 0:42:28]} 31. Kg2 {[%clk
0:14:29]} Rae8 {[%clk 0:42:22]} 32. Bf4 {[%clk 0:13:13]} Nh7 {[%clk 0:39:45]}
33. Be3 {[%clk 0:10:14]} Bd8 {[%clk 0:38:58]} 34. f4 {[%clk 0:09:53]} Bf6
{[%clk 0:34:58]} 35. f5 {[%clk 0:09:18]} gxf5 {[%clk 0:33:50]} 36. Bxf5 {[%clk
0:09:26]} R6e7 {[%clk 0:34:07]} 37. Bxh7 {[%clk 0:08:07]} Kxh7 {[%clk 0:34:20]}
38. Nxh5 {[%clk 0:08:03]} Bh8 {[%clk 0:33:48]} 39. Rh1 {[%clk 0:07:21]} Kg6
{[%clk 0:33:23]} 40. Nf4+ {[%clk 0:07:16]} Kf5 {[%clk 0:33:39]} 41. Rh5+ {[%clk
0:05:59]} Ke4 {[%clk 0:33:40]} 42. Re1 {[%clk 0:05:01]} Rg8+ {[%clk 0:30:05]}
43. Kf2 {[%clk 0:04:51]} Rg2+ {[%clk 0:29:09]} 44. Kxg2 {[%clk 0:05:05]} Bf6
{[%clk 0:27:12]} 45. Bc1# 1-0

[Event "DVM U14 2018"]
[Site "Magdeburg GER"]
[Date "2018.12.29"]
[Round "5"]
[White "Kosev, Momchil"]
[Black "Astner, Sebastian"]
[Result "1/2-1/2"]
[Termination "normal"]
[Board "3.1"]
[WhiteElo "1825"]
[BlackElo "1907"]
[WhiteClock "00:35:02"]
[BlackClock "00:32:41"]
[WhiteTeam "Erfurter SK"]
[BlackTeam "FC Ergolding"]
[PlyCount "41"]
[WhiteFideId "12975982"]
[BlackFideId "12979422"]
[EventCountry "GER"]
[EventRounds "7"]
[EventType "team-swiss"]
[EventDate "2018.12.26"]

1. Nf3 {[%clk 1:30:59]} d5 {[%clk 1:30:53]} 2. d4 {[%clk 1:31:23]} c6 {[%clk
1:31:20]} 3. g3 {[%clk 1:31:48]} f5 {[%clk 1:31:45]} 4. Bg2 {[%clk 1:32:13]} e6
{[%clk 1:32:11]} 5. O-O {[%clk 1:32:37]} Nf6 {[%clk 1:32:39]} 6. b3 {[%clk
1:32:57]} Bd6 {[%clk 1:33:04]} 7. c4 {[%clk 1:33:20]} O-O {[%clk 1:33:29]} 8.
Ba3 {[%clk 1:33:49]} Qe7 {[%clk 1:32:50]} 9. Bxd6 {[%clk 1:34:03]} Qxd6 {[%clk
1:33:12]} 10. Qc1 {[%clk 1:31:29]} Nbd7 {[%clk 1:28:54]} 11. Qa3 {[%clk
1:30:25]} Qxa3 12. Nxa3 {[%clk 1:30:55]} b6 {[%clk 1:26:12]} 13. Nc2 {[%clk
1:27:01]} a5 {[%clk 1:22:44]} 14. Nce1 {[%clk 1:18:54]} Ba6 {[%clk 1:18:26]}
15. Rc1 {[%clk 1:15:26]} Rac8 {[%clk 1:11:02]} 16. Nd3 {[%clk 1:12:50]} Rc7
{[%clk 1:01:33]} 17. Nfe5 {[%clk 1:11:09]} Rfc8 {[%clk 0:56:34]} 18. Rfe1
{[%clk 0:54:27]} Nxe5 {[%clk 0:38:59]} 19. dxe5 {[%clk 0:46:01]} Nd7 {[%clk
0:35:31]} 20. h4 {[%clk 0:35:26]} Kf7 {[%clk 0:32:41]} 21. Kh2 {[%clk 0:35:02]}
1/2-1/2

[Event "DVM U14 2018"]
[Site "Magdeburg GER"]
[Date "2018.12.29"]
[Round "5"]
[White "Lohr, Maximilian"]
[Black "Wagner, Victoria"]
[Result "1-0"]
[Termination "normal"]
[Board "3.2"]
[WhiteElo "1940"]
[BlackElo "1777"]
[WhiteClock "01:02:30"]
[BlackClock "00:08:07"]
[WhiteTeam "FC Ergolding"]
[BlackTeam "Erfurter SK"]
[PlyCount "113"]
[WhiteFideId "12999717"]
[BlackFideId "16232348"]
[EventCountry "GER"]
[EventRounds "7"]
[EventType "team-swiss"]
[EventDate "2018.12.26"]

1. e4 {[%clk 1:30:59]} c5 {[%clk 1:30:55]} 2. Nf3 {[%clk 1:31:25]} d6 {[%clk
1:31:19]} 3. d4 {[%clk 1:31:52]} cxd4 {[%clk 1:31:43]} 4. Nxd4 {[%clk 1:32:19]}
Nf6 {[%clk 1:32:06]} 5. Nc3 {[%clk 1:32:46]} a6 {[%clk 1:32:24]} 6. Bg5 {[%clk
1:33:13]} Nbd7 {[%clk 1:32:27]} 7. f4 {[%clk 1:32:30]} Qc7 {[%clk 1:30:21]} 8.
Qf3 {[%clk 1:29:58]} h6 {[%clk 1:30:32]} 9. Bxf6 {[%clk 1:28:56]} Nxf6 {[%clk
1:29:46]} 10. f5 {[%clk 1:29:16]} Bd7 {[%clk 1:21:12]} 11. O-O-O {[%clk
1:26:18]} g5 {[%clk 1:13:35]} 12. fxg6 {[%clk 1:22:56]} fxg6 {[%clk 1:12:14]}
13. Nd5 {[%clk 1:20:04]} Nxd5 {[%clk 1:07:35]} 14. exd5 {[%clk 1:20:29]} Rc8
{[%clk 0:53:20]} 15. Bd3 {[%clk 1:20:01]} Qb6 {[%clk 0:45:50]} 16. Rhf1 {[%clk
1:15:55]} Kd8 {[%clk 0:41:19]} 17. Bxg6 {[%clk 1:13:07]} Bg7 {[%clk 0:36:48]}
18. Qe4 {[%clk 1:08:55]} Be5 {[%clk 0:27:55]} 19. Rf3 {[%clk 1:02:58]} Rg8
{[%clk 0:21:48]} 20. Rb3 {[%clk 1:02:09]} Qa7 {[%clk 0:18:47]} 21. Ne6+ {[%clk
1:02:12]} Bxe6 {[%clk 0:19:10]} 22. dxe6 {[%clk 1:02:40]} Kc7 {[%clk 0:15:55]}
23. Bf7 {[%clk 1:02:33]} Rgf8 {[%clk 0:13:36]} 24. Rf3 {[%clk 0:54:17]} Kb8
{[%clk 0:12:02]} 25. Rdf1 {[%clk 0:53:28]} Rc7 {[%clk 0:10:02]} 26. c3 {[%clk
0:52:58]} Rfc8 {[%clk 0:09:27]} 27. Kc2 {[%clk 0:53:13]} Rc4 {[%clk 0:08:13]}
28. Qe3 {[%clk 0:52:55]} Qxe3 {[%clk 0:06:20]} 29. Rxe3 {[%clk 0:53:20]} Rf4
{[%clk 0:05:36]} 30. Rxf4 {[%clk 0:53:11]} Bxf4 {[%clk 0:06:02]} 31. Re4 {[%clk
0:53:36]} Bxh2 {[%clk 0:05:17]} 32. Rh4 {[%clk 0:53:51]} Be5 {[%clk 0:05:25]}
33. Rxh6 {[%clk 0:54:10]} Rh8 {[%clk 0:05:22]} 34. Rg6 {[%clk 0:51:13]} Kc7
{[%clk 0:05:05]} 35. Rg4 {[%clk 0:50:18]} Rh7 {[%clk 0:04:13]} 36. Re4 {[%clk
0:48:49]} Rh2 {[%clk 0:03:54]} 37. Re2 {[%clk 0:48:56]} Kb6 {[%clk 0:02:50]}
38. Kd3 {[%clk 0:49:07]} Kc5 {[%clk 0:02:29]} 39. a4 {[%clk 0:49:05]} Kb6
{[%clk 0:01:18]} 40. b4 {[%clk 0:48:35]} a5 {[%clk 0:00:47]} 41. Rb2 {[%clk
0:46:25]} axb4 {[%clk 0:29:04]} 42. Rxb4+ {[%clk 1:16:45]} Kc7 {[%clk 0:28:48]}
43. Rg4 {[%clk 1:16:24]} Bf6 {[%clk 0:27:31]} 44. Rg6 {[%clk 1:14:20]} Be5
{[%clk 0:27:15]} 45. Rg4 {[%clk 1:14:19]} Bf6 {[%clk 0:27:20]} 46. Rf4 {[%clk
1:03:47]} Be5 {[%clk 0:27:18]} 47. Rf2 {[%clk 1:04:12]} Rh4 {[%clk 0:26:38]}
48. Ra2 {[%clk 1:04:32]} Rg4 {[%clk 0:26:07]} 49. Bh5 {[%clk 1:04:20]} Rg3+
{[%clk 0:24:41]} 50. Bf3 {[%clk 1:04:45]} Rg6 {[%clk 0:24:14]} 51. Rb2 {[%clk
1:01:49]} b6 {[%clk 0:22:40]} 52. a5 {[%clk 1:01:54]} bxa5 {[%clk 0:14:06]} 53.
Rb7+ {[%clk 1:02:16]} Kc8 {[%clk 0:14:07]} 54. Rxe7 {[%clk 1:02:37]} a4 {[%clk
0:09:55]} 55. Ra7 {[%clk 1:02:40]} Kb8 {[%clk 0:08:50]} 56. e7 {[%clk 1:02:07]}
Kxa7 {[%clk 0:08:07]} 57. e8=Q {[%clk 1:02:30]} 1-0

[Event "DVM U14 2018"]
[Site "Magdeburg GER"]
[Date "2018.12.29"]
[Round "5"]
[White "Wagner, Margarethe"]
[Black "Sowka, Patrick"]
[Result "0-1"]
[Termination "normal"]
[Board "3.3"]
[WhiteElo "1693"]
[BlackElo "1571"]
[WhiteClock "00:31:15"]
[BlackClock "00:28:06"]
[WhiteTeam "Erfurter SK"]
[BlackTeam "FC Ergolding"]
[PlyCount "98"]
[WhiteFideId "16236947"]
[BlackFideId "16234944"]
[EventCountry "GER"]
[EventRounds "7"]
[EventType "team-swiss"]
[EventDate "2018.12.26"]

1. e4 {[%clk 1:30:59]} e5 {[%clk 1:30:53]} 2. Nf3 {[%clk 1:31:22]} Nc6 {[%clk
1:31:14]} 3. Bb5 {[%clk 1:31:44]} a6 {[%clk 1:31:31]} 4. Ba4 {[%clk 1:31:57]}
Nf6 {[%clk 1:31:22]} 5. d3 {[%clk 1:31:51]} d6 {[%clk 1:30:48]} 6. c3 {[%clk
1:30:48]} b5 {[%clk 1:28:55]} 7. Bc2 {[%clk 1:30:29]} Bb7 {[%clk 1:27:43]} 8.
Nbd2 {[%clk 1:26:41]} Be7 {[%clk 1:23:06]} 9. Nf1 {[%clk 1:23:27]} Qd7 {[%clk
1:02:23]} 10. Ne3 {[%clk 1:18:16]} Nd8 {[%clk 0:54:57]} 11. a4 {[%clk 1:14:32]}
Ne6 {[%clk 0:50:00]} 12. Nf5 {[%clk 1:08:22]} Bf8 {[%clk 0:38:43]} 13. Ng5
{[%clk 1:02:38]} g6 {[%clk 0:36:06]} 14. Nxe6 {[%clk 0:58:21]} fxe6 {[%clk
0:36:06]} 15. Ng3 {[%clk 0:53:56]} Bg7 {[%clk 0:32:32]} 16. O-O {[%clk
0:49:04]} O-O {[%clk 0:30:21]} 17. Be3 {[%clk 0:46:32]} d5 {[%clk 0:23:43]} 18.
Bc5 {[%clk 0:44:39]} Rfe8 {[%clk 0:20:27]} 19. Re1 {[%clk 0:40:22]} Qc6 {[%clk
0:19:44]} 20. Be3 {[%clk 0:39:08]} Rad8 {[%clk 0:16:07]} 21. Qe2 {[%clk
0:37:30]} Nd7 {[%clk 0:13:27]} 22. d4 {[%clk 0:30:07]} exd4 {[%clk 0:06:43]}
23. cxd4 {[%clk 0:29:30]} Qc4 {[%clk 0:05:33]} 24. Bd3 {[%clk 0:29:08]} Qb4
{[%clk 0:06:00]} 25. axb5 {[%clk 0:26:48]} axb5 {[%clk 0:06:16]} 26. Bxb5
{[%clk 0:26:08]} c6 {[%clk 0:06:23]} 27. Bd3 {[%clk 0:24:40]} Bxd4 {[%clk
0:06:39]} 28. Bxd4 {[%clk 0:23:07]} Qxd4 {[%clk 0:07:04]} 29. Red1 {[%clk
0:21:18]} Qb6 {[%clk 0:05:43]} 30. b4 {[%clk 0:17:13]} Ne5 {[%clk 0:04:10]} 31.
Rab1 {[%clk 0:16:23]} Nxd3 {[%clk 0:04:11]} 32. Qxd3 {[%clk 0:14:42]} Rf8
{[%clk 0:03:53]} 33. Qd4 {[%clk 0:14:56]} Qxd4 {[%clk 0:03:03]} 34. Rxd4 {[%clk
0:15:25]} Ba6 {[%clk 0:03:13]} 35. exd5 {[%clk 0:13:41]} Rxd5 {[%clk 0:02:54]}
36. Rxd5 {[%clk 0:12:48]} exd5 {[%clk 0:03:21]} 37. Rc1 {[%clk 0:11:03]} Bc4
{[%clk 0:02:42]} 38. Nf1 {[%clk 0:10:29]} Rb8 {[%clk 0:01:49]} 39. Ne3 {[%clk
0:08:09]} Rxb4 {[%clk 0:01:10]} 40. Nxc4 {[%clk 0:06:37]} Rxc4 {[%clk 0:00:32]}
41. Rxc4 {[%clk 0:06:34]} dxc4 {[%clk 0:01:00]} 42. Kf1 {[%clk 0:06:50]} Kf7
{[%clk 0:01:28]} 43. Ke2 {[%clk 0:07:08]} Ke6 {[%clk 0:01:56]} 44. Kd2 {[%clk
0:06:50]} Kd5 {[%clk 0:02:12]} 45. Kc3 {[%clk 0:06:57]} g5 {[%clk 0:28:59]} 46.
g3 {[%clk 0:33:47]} g4 {[%clk 0:27:46]} 47. f4 {[%clk 0:32:55]} gxf3 {[%clk
0:27:51]} 48. Kd2 {[%clk 0:31:23]} c3+ {[%clk 0:28:06]} 49. Kxc3 {[%clk
0:31:15]} f2 0-1

[Event "DVM U14 2018"]
[Site "Magdeburg GER"]
[Date "2018.12.29"]
[Round "5"]
[White "Handschuh, Felix"]
[Black "Seinsoth, Paul"]
[Result "1/2-1/2"]
[Termination "normal"]
[Board "3.4"]
[WhiteElo "1524"]
[BlackElo "1536"]
[WhiteClock "00:34:25"]
[BlackClock "00:30:44"]
[WhiteTeam "FC Ergolding"]
[BlackTeam "Erfurter SK"]
[PlyCount "49"]
[WhiteFideId "12997447"]
[BlackFideId "12994634"]
[EventCountry "GER"]
[EventRounds "7"]
[EventType "team-swiss"]
[EventDate "2018.12.26"]

1. e4 {[%clk 1:30:59]} c5 {[%clk 1:30:50]} 2. b3 {[%clk 1:31:19]} d6 {[%clk
1:30:33]} 3. Bb5+ {[%clk 1:31:38]} Bd7 {[%clk 1:30:34]} 4. Bxd7+ {[%clk
1:31:56]} Qxd7 {[%clk 1:30:45]} 5. Bb2 {[%clk 1:32:09]} Nc6 {[%clk 1:30:24]} 6.
Nf3 {[%clk 1:31:23]} Nf6 {[%clk 1:30:19]} 7. e5 {[%clk 1:23:23]} dxe5 {[%clk
1:26:48]} 8. Nxe5 {[%clk 1:18:40]} Nxe5 {[%clk 1:22:59]} 9. Bxe5 {[%clk
1:08:06]} e6 {[%clk 1:17:46]} 10. O-O {[%clk 1:06:29]} Bd6 {[%clk 1:15:15]} 11.
Qe2 {[%clk 0:57:17]} Bxe5 {[%clk 1:09:45]} 12. Qxe5 {[%clk 0:56:44]} Rc8 {[%clk
1:09:45]} 13. d3 {[%clk 0:55:43]} O-O {[%clk 1:09:54]} 14. Nd2 {[%clk 0:55:05]}
b5 {[%clk 1:02:30]} 15. Rad1 {[%clk 0:52:48]} Rfd8 {[%clk 1:00:23]} 16. Qe2
{[%clk 0:50:07]} Qc7 {[%clk 0:57:35]} 17. c4 {[%clk 0:48:31]} a6 {[%clk
0:53:46]} 18. Rc1 {[%clk 0:44:37]} Qa5 {[%clk 0:51:17]} 19. Nf3 {[%clk
0:43:37]} Qb6 {[%clk 0:45:55]} 20. Rfd1 {[%clk 0:43:44]} h6 {[%clk 0:38:33]}
21. h3 {[%clk 0:42:13]} b4 {[%clk 0:35:43]} 22. Rd2 {[%clk 0:38:33]} Rc7 23.
Rcd1 {[%clk 0:36:44]} Rcd7 {[%clk 0:34:43]} 24. Qe3 {[%clk 0:36:20]} Qc7 {[%clk
0:30:44]} 25. d4 {[%clk 0:34:25]} 1/2-1/2

[Event "DVM U14 2018"]
[Site "Magdeburg GER"]
[Date "2018.12.29"]
[Round "5"]
[White "Lutz, Ruben"]
[Black "Bui, Bao Anh Le"]
[Result "1/2-1/2"]
[Termination "normal"]
[Board "4.1"]
[WhiteElo "2037"]
[BlackElo "2071"]
[WhiteClock "00:43:24"]
[BlackClock "00:38:52"]
[WhiteTeam "USV TU Dresden"]
[BlackTeam "SV Mattnetz Berlin"]
[PlyCount "52"]
[WhiteFideId "12975974"]
[BlackFideId "12970719"]
[EventCountry "GER"]
[EventRounds "7"]
[EventType "team-swiss"]
[EventDate "2018.12.26"]

1. d4 {[%clk 1:30:53]} d5 {[%clk 1:30:44]} 2. Bf4 {[%clk 1:31:12]} e6 {[%clk
1:31:06]} 3. e3 {[%clk 1:31:21]} Bd6 {[%clk 1:31:31]} 4. Bg3 {[%clk 1:31:38]}
Nf6 {[%clk 1:31:46]} 5. Nd2 {[%clk 1:31:49]} c5 {[%clk 1:32:06]} 6. c3 {[%clk
1:32:12]} Qc7 {[%clk 1:32:22]} 7. Ngf3 {[%clk 1:31:51]} Nbd7 {[%clk 1:31:30]}
8. Bd3 {[%clk 1:29:44]} O-O {[%clk 1:29:44]} 9. O-O {[%clk 1:28:38]} Bxg3
{[%clk 1:29:32]} 10. hxg3 {[%clk 1:29:05]} e5 {[%clk 1:29:52]} 11. e4 {[%clk
0:58:34]} dxe4 {[%clk 1:21:08]} 12. Nxe4 {[%clk 0:58:48]} Nxe4 {[%clk 1:20:56]}
13. Bxe4 {[%clk 0:59:14]} Nf6 {[%clk 1:21:16]} 14. Qc2 {[%clk 0:54:53]} cxd4
{[%clk 0:58:02]} 15. cxd4 {[%clk 0:55:15]} Qxc2 {[%clk 0:58:10]} 16. Bxc2
{[%clk 0:55:42]} exd4 {[%clk 0:58:31]} 17. Nxd4 {[%clk 0:56:07]} Bg4 {[%clk
0:58:57]} 18. f3 {[%clk 0:53:33]} Rfd8 {[%clk 0:54:30]} 19. Rfd1 {[%clk
0:52:39]} Bh5 {[%clk 0:52:48]} 20. Bb3 {[%clk 0:52:05]} Bg6 {[%clk 0:51:31]}
21. Ne2 {[%clk 0:49:00]} Kf8 {[%clk 0:42:51]} 22. Nf4 {[%clk 0:48:47]} Rac8
{[%clk 0:42:18]} 23. Nxg6+ {[%clk 0:48:28]} hxg6 {[%clk 0:39:31]} 24. Kf2
{[%clk 0:47:55]} b6 {[%clk 0:38:42]} 25. Rxd8+ {[%clk 0:42:59]} Rxd8 {[%clk
0:38:57]} 26. Rd1 {[%clk 0:43:24]} Rxd1 {[%clk 0:38:52]} 1/2-1/2